000 00395nam a2200157Ia 4500
008 230524s9999 xx 000 0 und d
082 _a510.12
_bKON
100 _aSarveswara Koneru
_923345
245 0 _aEngineering Mathematics
250 _a1ST
260 _aNEW DELHI
_bUniversity Press
_c2003
300 _aVIII;505
500 _aQuantity Number: 1
650 _aMathematics
942 _cBK
999 _c34419
_d34419